Fr. Conceicao Rodrigues College of Engineering

Concepts of Nuclear Physics (Record no. 23240)

MARC details
000 -LEADER
fixed length control field 00297nam a2200133Ia 4500
082 ## - DEWEY DECIMAL CLASSIFICATION NUMBER
Classification number 539.7
Item number COH
100 ## - MAIN ENTRY--PERSONAL NAME
Personal name Cohen/Bernard L
245 ## - TITLE STATEMENT
Title Concepts of Nuclear Physics
260 ## - PUBLICATION, DISTRIBUTION, ETC.
Name of publisher, distributor, etc. Tata Mc Graw hill
Place of publication, distribution, etc. New Delhi
Date of publication, distribution, etc. 1971
300 ## - PHYSICAL DESCRIPTION
Extent 437
546 ## - LANGUAGE NOTE
Language note ENGLISH
654 ## - SUBJECT ADDED ENTRY--FACETED TOPICAL TERMS
Focus term nuclear
942 ## - ADDED ENTRY ELEMENTS (KOHA)
Koha item type BOOK
Holdings
Withdrawn status Lost status Damaged status Not for loan Collection Home library Current library Shelving location Date acquired Cost, normal purchase price Total Checkouts Full call number Barcode Date last seen Cost, replacement price Price effective from Koha item type
        CRC Fr. Agnel's C.Rodrigues College of Engineering Fr. Agnel's C.Rodrigues College of Engineering   17/03/2023 57.00   539.7 COH 2344 17/03/2023 57.00 17/03/2023 BOOK
        CRC Fr. Agnel's C.Rodrigues College of Engineering Fr. Agnel's C.Rodrigues College of Engineering   17/03/2023 57.00   539.7 COH 2345 17/03/2023 57.00 17/03/2023 BOOK